Score 0/99 Timer 18:00
0 Plays Today
Year Movie % Correct
1978The Deer Hunter
77.2%
1994Pulp Fiction
72.8%
2002Catch Me If You Can
68.6%
1992Batman Returns
59.1%
1993True Romance
52.5%
1999Sleepy Hollow
52.1%
1985A View to a Kill
48.3%
1983The Dead Zone
47.9%
2005Wedding Crashers
47.7%
1977Annie Hall
45.5%
2012Seven Psychopaths
43.1%
2007Balls of Fury
42.3%
2007Hairspray
42.1%
1990King of New York
41.8%
2006Click
40.6%
1998Antz
40.3%
2016The Jungle Book
39%
2001Joe Dirt
38.3%
1995The Prophecy
32.3%
1997Mousehunt
32.3%
1997Suicide Kings
30%
1995Things To Do In Denver When You're Dead
29%
1988Biloxi Blues
27.2%
2012Stand Up Guys
26.4%
2003The Rundown
25.9%
1986At Close Range
25.4%
2004Man on Fire
24.9%
1981Pennies from Heaven
24.9%
2003Gigli
24.7%
1980Heaven's Gate
24.3%
1993Wayne's World 2
24.3%
2002The Country Bears
23.1%
2004Envy
22.9%
Year Movie % Correct
1983Brainstorm
22%
2014Jersey Boys
21.6%
1996Last Man Standing
21.1%
1999Blast From the Past
20.9%
2003Kangaroo Jack
20.7%
1980The Dogs of War
19.9%
1988Puss in Boots
19.7%
1989Communion
19.4%
2016Nine Lives
19.1%
2011Kill the Irishman
18.8%
1971The Anderson Tapes
18.8%
2016Eddie the Eagle
18.4%
1995Nick of Time
18.4%
1996The Funeral
17.7%
2012A Late Quartet
17.5%
1970Cleopatra
17.1%
1991McBain
17.1%
2001Scotland, PA
16.8%
2004The Stepford Wives
16.8%
2006Man of the Year
16.8%
2005Domino
16.5%
1976Next Stop, Greenwich Village
16.4%
1995The Addiction
16.4%
2004Around the Bend
16.4%
2011Dark Horse
16.3%
2002Poolhall Junkies
15.9%
2001America's Sweethearts
15.5%
1988The Milagro Beanfield War
15.4%
2015The Family Fang
15.2%
2005Romance and Cigarettes
15.1%
1996Basquiat
14.9%
1977Roseland
14.6%
2008$5 a Day
14.5%
Year Movie % Correct
1977The Sentinel
14.4%
1997Excess Baggage
14.4%
2009The Maiden Heist
13.9%
1969Me and My Brother
13.8%
1972The Mind Snatchers
13.4%
2013Gods Behaving Badly
13.3%
1998New Rose Hotel
13.1%
1988Homeboy
13.1%
2001The Affair of the Necklace
13.1%
1990The Comfort of Strangers
12.8%
1995The Wild Side
12.5%
1979Last Embrace
12.2%
2015One More Time
12.2%
1987Deadline
12.2%
1992Mistress
12.1%
1995Search and Destroy
12.1%
1998Illuminata
11.8%
2000The Opportunists
11.6%
2013The Power of Few
11.5%
1997Touch
11.5%
1999Kiss Toledo Goodbye
11.1%
2002Plots with a View
11.1%
1978Shoot the Sun Down
10.7%
1998Trance
10.2%
2006Fade to Black
10.1%
2011Life's a Beach
9.7%
1994A Business Affair
9%
1995Celluloide
9%
2001Jungle Juice
9%
2017Father Figures
8.9%
1992Day of Atonement
8.4%
2018Irreplaceable You
6.7%
2020The Jesus Rolls
4.9%
Remove Ads.
Support Sporcle.
Get the best of Sporcle when you Go Orange. This ad-free experience offers more features, more stats, and more fun while also helping to support Sporcle. Thank you for becoming a member.

You're not logged in!

Compare scores with friends on all Sporcle quizzes.
OR
Log In

Show Comments

Extras

Top Quizzes Today


Score Distribution

Your Account Isn't Verified!

In order to create a playlist on Sporcle, you need to verify the email address you used during registration. Go to your Sporcle Settings to finish the process.

Report this User

Report this user for behavior that violates our Community Guidelines.

Details: